Online
Catalog

Cuadros de costumbres / (Record no. 18005)

MARC details
000 -CABECERA
campo de control de longitud fija 00915cam a2200265 a 4500
001 - NÚMERO DE CONTROL
campo de control 000018485
003 - IDENTIFICADOR DEL NÚMERO DE CONTROL
campo de control UkOxU
005 - FECHA Y HORA DE LA ÚLTIMA TRANSACCIÓN
campo de control 20200929165819.0
008 - DATOS DE LONGITUD FIJA--INFORMACIÓN GENERAL
campo de control de longitud fija 880808s1965 sp b 000 fdspa d
035 ## - NÚMERO DE CONTROL DEL SISTEMA
Número de control de sistema oxf98401157
040 ## - FUENTE DE LA CATALOGACIÓN
Centro catalogador/agencia de origen DO-SdBNP
Lengua de catalogación spa
Centro/agencia modificador OCL
-- BNPHU
082 ## - NÚMERO DE LA CLASIFICACIÓN DECIMAL DEWEY
Número de clasificación 843.8
Número de documento/Ítem C112c
049 ## - FONDOS LOCALES (OCLC)
Fondos de biblioteca BNGR
100 1# - ENTRADA PRINCIPAL--NOMBRE DE PERSONA
Nombre de persona Caballero, Fernán,
Forma completa/desarrollada del nombre (Cecilia Böhl de Faber y Larrea),
Fechas asociadas al nombre 1796-1877.
9 (RLIN) 39990
245 10 - MENCIÓN DE TÍTULO
Título Cuadros de costumbres /
Mención de responsabilidad, etc. Fernán Caballero (Cecilia Böhl de Faber) ; introducción de José Hesse.
260 ## - PUBLICACIÓN, DISTRIBUCIÓN, ETC.
Lugar de publicación, distribución, etc. Madrid :
Nombre del editor, distribuidor, etc. Taurus,
Fecha de publicación, distribución, etc. c1965.
300 ## - DESCRIPCIÓN FÍSICA
Extensión 174 p. ;
Dimensiones 19 cm.
490 1# - MENCIÓN DE SERIE
Mención de serie Ser y tiempo
-- Temas de España
Designación de volumen o secuencia 38
504 ## - NOTA DE BIBLIOGRAFÍA, ETC.
Nota de bibliografía, etc. Bibliografía: p. 28.
650 #4 - PUNTO DE ACCESO ADICIONAL DE MATERIA--TÉRMINO DE MATERIA
Término de materia o nombre geográfico como elemento de entrada Novela suiza
9 (RLIN) 13268
650 #4 - PUNTO DE ACCESO ADICIONAL DE MATERIA--TÉRMINO DE MATERIA
Término de materia o nombre geográfico como elemento de entrada Literatura suiza
Subdivisión cronológica SIGLO XIX
9 (RLIN) 39991
700 1# - PUNTO DE ACCESO ADICIONAL--NOMBRE DE PERSONA
Nombre de persona Hasse, José,
Término indicativo de función/relación introd.
9 (RLIN) 39992
830 #0 - PUNTO DE ACCESO ADICIONAL DE SERIE-TÍTULO UNIFORME
Título uniforme Ser y tiempo ;
Nombre de parte o sección de la obra Temas de España ;
Designación de volumen o secuencia 38.
9 (RLIN) 39657
910 ## - DATOS DE OPCIÓN DEL USUARIO (OCLC)
Datos de opción del usuario Catalogación por derivada /Oxford
Holdings
Estado de retiro Estado de pérdida Restricciones de uso No para préstamo Código de colección Localización permanente Ubicación/localización actual Ubicación en estantería Fecha de adquisición Número de inventario Total de préstamos Signatura topográfica completa Código de barras Fecha visto por última vez Precio válido a partir de Tipo de ítem Koha
        Monografías: Libros y Folletos General General En catalogación 10.05.2010 LF1   843.8 C112c 18485-10 25.06.2020 25.06.2020 Préstamo en sala

Powered by Koha